000
00207 a2200097 4500
001
45203
100
_a
Brimm D.J
245
_a
Aircraft maintenance
260
_a
New York
_b
Pitman
_c
090
_c
28390
_d
28390
942
_a
NUST-CAE
_c
M
_c
20436
999
_c
280276
_d
280276